[Event "Garesnica op"]
[Site "Garesnica"]
[Date "2023.06.08"]
[Round "2"]
[White "Vujec, Ivan"]
[Black "Govorko, Robert"]
[Result "1/2-1/2"]
[WhiteElo "2215"]
[BlackElo "1898"]
[PlyCount "118"]
[EventDate "2023.06.08"]
[EventType "swiss"]
[EventRounds "7"]
[EventCountry "CRO"]
[SourceTitle "CBM 214 Extra"]
[Source "ChessBase"]
[SourceDate "2023.07.31"]
[SourceVersion "1"]
[SourceVersionDate "2023.07.31"]
[SourceQuality "1"]

1. d4 d5 2. c4 e6 3. Nc3 Nf6 4. cxd5 exd5 5. Bg5 Be7 6. e3 0-0 7. Qc2 b6 8. Bd3 h6 9. Bh4 Bb7 10. Nge2 Nbd7 11. 0-0 a6 12. f3 c5 13. dxc5 Bxc5 14. Bf2 Re8 15. Nd4 b5 16. Rad1 Rc8 17. Qb3 Ne5 18. a4 Nxd3 19. Rxd3 b4 20. Nce2 Nd7 21. Rdd1 Nb6 22. Qa2 Nc4 23. e4 Qb6 24. Kh1 Bxd4 25. Bxd4 Qa5 26. b3 Na3 27. Ng3 dxe4 28. fxe4 Bxe4 29. Nxe4 Rxe4 30. Qf2 Qh5 31. Rd2 Rce8 32. Qg3 Rg4 33. Qc7 Rge4 34. h3 Re1 35. Rdf2 Rxf1+ 36. Rxf1 Qd5 37. Rf4 h5 38. Qc5 Qxb3 39. Qxh5 Qb1+ 40. Kh2 Qg6 41. Qc5 Re4 42. Qxb4 Nc2 43. Qb8+ Kh7 44. Bf2 Rxf4 45. Qxf4 Qe6 46. h4 f6 47. h5 Qe5 48. Qxe5 fxe5 49. Kg3 Kh6 50. Kf3 Kxh5 51. Ke4 Nb4 52. Bg3 Nc6 53. Kd5 Kg4 54. Be1 Ne7+ 55. Kxe5 Nf5 56. a5 Ne3 57. g3 Nc4+ 58. Kd4 Nxa5 59. Bxa5 Kxg3 1/2-1/2

[Event "Zagreb-ch Seniors"]
[Site "Zagreb"]
[Date "2019.09.05"]
[Round "4"]
[White "Fajdetic, Hrvoje"]
[Black "Govorko, Robert"]
[Result "1/2-1/2"]
[WhiteElo "2187"]
[BlackElo "1891"]
[PlyCount "100"]
[EventDate "2019.09.02"]
[EventType "swiss"]
[EventRounds "9"]
[EventCountry "CRO"]
[SourceTitle "EXT 2020"]
[Source "ChessBase"]
[SourceDate "2019.10.17"]
[SourceVersion "1"]
[SourceVersionDate "2019.10.17"]
[SourceQuality "1"]

1. d4 d5 2. Bf4 Nf6 3. e3 g6 4. h4 h5 5. Nc3 a6 6. Qd2 Bf5 7. Nf3 c6 8. Ng5 Bg7 9. f3 Nbd7 10. e4 dxe4 11. Bc4 e6 12. fxe4 Nb6 13. Bb3 Bg4 14. e5 Nfd5 15. Nce4 Nc8 16. Bxd5 exd5 17. Nf6+ Bxf6 18. exf6 0-0 19. Be5 Nd6 20. 0-0 Nf5 21. Rf4 Qd7 22. Raf1 Ng3 23. R1f2 Rae8 24. Kh2 Nf5 25. Rxf5 Bxf5 26. Nh3 Kh7 27. Ng5+ Kg8 28. Ne4 Kh7 29. Nd6 Be4 30. Nxe8 Rxe8 31. Rf4 c5 32. Qf2 cxd4 33. Bxd4 Qd6 34. g3 Qb4 35. c3 Qc4 36. g4 Bf5 37. b3 Qd3 38. Rf3 Qd1 39. gxf5 Re2 40. fxg6+ Kg8 41. g7 Rxf2+ 42. Rxf2 Qg4 43. a4 Qxh4+ 44. Kg1 Qg4+ 45. Kf1 Qd1+ 46. Kg2 Qg4+ 47. Kh2 h4 48. Rg2 Qf4+ 49. Kh3 Qf1 50. Kh2 Qf4+ 1/2-1/2

[Event "Zagreb-ch Seniors"]
[Site "Zagreb"]
[Date "2019.09.04"]
[Round "3"]
[White "Govorko, Robert"]
[Black "Bozinovic, Bogdan"]
[Result "0-1"]
[WhiteElo "1891"]
[BlackElo "2217"]
[PlyCount "258"]
[EventDate "2019.09.02"]
[EventType "swiss"]
[EventRounds "9"]
[EventCountry "CRO"]
[SourceTitle "EXT 2020"]
[Source "ChessBase"]
[SourceDate "2019.10.17"]
[SourceVersion "1"]
[SourceVersionDate "2019.10.17"]
[SourceQuality "1"]

1. d4 Nf6 2. Nf3 c5 3. e3 g6 4. g3 Bg7 5. Bg2 0-0 6. 0-0 d5 7. b3 Nc6 8. Bb2 cxd4 9. exd4 Bf5 10. a3 Rc8 11. Nbd2 b5 12. Rc1 Qb6 13. Re1 Rfe8 14. Nf1 Bh6 15. Ne3 Be4 16. Ne5 Bxg2 17. Kxg2 e6 18. Qd3 Red8 19. Rcd1 a6 20. N3g4 Nxg4 21. Nxg4 Bg7 22. f4 Ne7 23. Re2 Nf5 24. Ne5 Qc7 25. Nf3 Nd6 26. Ne5 Ne4 27. Rf1 f5 28. Nf3 Qe7 29. Nd2 Qd6 30. Rfe1 Rc6 31. b4 h6 32. Nb3 Kf7 33. Nc5 Qe7 34. Ra1 g5 35. fxg5 hxg5 36. a4 Rb8 37. axb5 Rxb5 38. Rxa6 Rcb6 39. Rxb6 Rxb6 40. c3 g4 41. Nxe4 dxe4 42. Qc4 Qb7 43. Kg1 Bh6 44. Qb3 Bf8 45. Bc1 Qa6 46. Qc2 Rc6 47. Rf2 Bxb4 48. Bd2 Kg6 49. Qb2 Bd6 50. Qb3 Kf6 51. Kg2 Rb6 52. Qd1 Kg6 53. Qf1 Qb7 54. Be3 Rb1 55. Qe2 Qb3 56. c4 Qb7 57. c5 Bc7 58. Qa2 Kf6 59. c6 Qb3 60. Qe2 Kg6 61. Qd2 Rd1 62. Qc2 Rd3 63. Bf4 e3 64. Qxb3 Rxb3 65. Re2 Bxf4 66. gxf4 Rc3 67. c7 Kf6 68. c8Q Rxc8 69. Rxe3 Rc2+ 70. Kg3 Rd2 71. h3 gxh3 72. Kxh3 Rxd4 73. Kg3 Ke7 74. Kf3 Kd6 75. Ra3 Rc4 76. Rd3+ Kc5 77. Re3 Kd5 78. Re5+ Kd6 79. Re3 Rd4 80. Ra3 Ke7 81. Re3 Kf6 82. Ra3 Re4 83. Ra6 Ke7 84. Ra7+ Kd6 85. Ra6+ Kc5 86. Ra3 Kb4 87. Rd3 Kc4 88. Ra3 Re1 89. Ra4+ Kb3 90. Rd4 Kc3 91. Rd8 Re4 92. Rd6 Kc4 93. Ra6 Kd5 94. Ra5+ Kd6 95. Ra6+ Ke7 96. Rc6 Kf7 97. Rd6 Kg6 98. Ra6 Kh5 99. Ra1 Rb4 100. Rg1 Rb3+ 101. Kf2 Kh4 102. Rg6 Kh3 103. Rg1 Kh4 104. Rg8 Rb5 105. Kf3 Kh5 106. Rg1 Kh6 107. Rg8 Rb3+ 108. Kf2 Kh7 109. Rg1 Rb7 110. Ke3 Rg7 111. Rd1 Kg6 112. Ra1 Rb7 113. Ra6 Rb3+ 114. Kf2 Kh5 115. Ra4 Kg4 116. Ra6 Kxf4 117. Rxe6 Rb2+ 118. Kf1 Kf3 119. Re1 f4 120. Ra1 Kg3 121. Ra7 Rb1+ 122. Ke2 f3+ 123. Kd2 Kf2 124. Rf7 Rb5 125. Rd7 Re5 126. Kd1 Kf1 127. Kd2 f2 128. Rd6 Rg5 129. Ke3 Kg1 0-1